00597nam a22001817a 450000500170000001000150001702000260003203500140005803700130007208200150008524501210010026000370022127000700025830000250032850000190035370000190037270000240039120170713123056.0 aENG-119171 a9788175417939c750.00 aEN-102703 bDBAD/PUB a382.091824 aEvolving dynamics of Indian Ocean:cedited by Vijay Sakhuja [and] Raghavendra Mishrabpropects and the way forward / aDelhibShipra Publicationsc2015 aLG-18-19,Pankaj Central Market,I.P.Ext. PatparganjbDelhie110092 axxi,202p.c23cm(pbk) aIncludes index a Sakhuja,Vijay a Mishra,Raghavendra